Littérature du Moyen Age en France, en Italia, en Espagne et en Angleterre / (Record no. 167625)
[ view plain ]
| 000 -LEADER | |
|---|---|
| campo de control de longitud fija | 00910nam a2200217 i 4500 |
| 001 - NÚMERO DE CONTROL | |
| campo de control | 167625 |
| 003 - IDENTIFICADOR DE NÚMERO DE CONTROL | |
| campo de control | ES-MaACL |
| 005 - FECHA Y HORA DE LA ÚLTIMA TRANSACCIÓN | |
| campo de control | 20250905063054.0 |
| 008 - DATOS DE LONGITUD FIJA--INFORMACIÓN GENERAL | |
| campo de control de longitud fija | 050928s1834 be | |||||||| ||fre d |
| 040 ## - FUENTE DE CATALOGACIÓN | |
| Centro catalogador/agencia de origen | CAM |
| Lengua de catalogación | spa |
| Centro/agencia transcriptor | CAM |
| 100 1# - ENTRADA PRINCIPAL--NOMBRE DE PERSONA | |
| Nombre de persona | Villemain, Abel-François, |
| Fechas asociadas al nombre | 1791-1870 |
| 9 (RLIN) | 133764 |
| 245 10 - MENCIÓN DEL TÍTULO | |
| Título | Littérature du Moyen Age en France, en Italia, en Espagne et en Angleterre / |
| Mención de responsabilidad, etc. | par M. Villemain. |
| 260 ## - PUBLICACIÓN, DISTRIBUCIÓN, ETC. | |
| Lugar de publicación, distribución, etc. | Bruxelles : |
| Nombre del editor, distribuidor, etc. | Louis Hauman et comp\pe\s libraires, |
| Fecha de publicación, distribución, etc. | 1834 ( |
| Fabricante | Imprimerie de J. N. Gregoir) |
| 300 ## - DESCRIPCIÓN FÍSICA | |
| Extensión | 2 v. (358; 357 p.) ; |
| Dimensiones | 15 cm. |
| 490 1# - MENCIÓN DE SERIE | |
| Mención de serie | Cours de littérature française par M. Villemain ; |
| Designación de volumen o secuencia | 4; 5 |
| 500 ## - NOTA GENERAL | |
| Nota general | En verso de la antep. consta: Leçons du cours de 1830. |
| 650 #4 - PUNTO DE ACCESO ADICIONAL DE MATERIA--TÉRMINO DE MATERIA | |
| Término de materia o nombre geográfico como elemento de entrada | Literatura medieval. |
| 9 (RLIN) | 136425 |
| 830 0# - PUNTO DE ACCESO ADICIONAL DE SERIE-TÍTULO UNIFORME | |
| Título uniforme | Cours de littérature française par M. Villemain ; |
| Designación de volumen o secuencia | 4; 5 |
| 9 (RLIN) | 222634 |
| 852 ## - LOCALIZACIÓN | |
| Ubicación | ES-MaACL |
| Número de control de estantería | G-9284-9285 |
| Nota libre | -- Enc. hol. |
| Estatus retirado | Estado de pérdida | Estado de daño | No para préstamo | Colección | Biblioteca de origen | Biblioteca actual | Ubicación en estantería | Fecha de adquisición | Fuente de adquisición | Total de préstamos | Signatura topográfica completa | Código de barras | Visto por última vez | Precio de reemplazo | Tipo de ítem Koha |
|---|---|---|---|---|---|---|---|---|---|---|---|---|---|---|---|
| Libros del s. XIX | Biblioteca del Ateneo de Madrid | Biblioteca del Ateneo de Madrid | Sala Pecera Planta 3 | 17/01/2008 | G-9284-9285 | 1175859 | 23/02/2023 | 23/02/2023 | Libro impreso antiguo |
